|
|
|
|
| LEADER |
00000naa2a2200000 4500 |
| 001 |
631480 |
| 005 |
20251204071623.0 |
| 035 |
|
|
|a (RuTPU)RU\TPU\conf\33181
|
| 035 |
|
|
|a RU\TPU\conf\33180
|
| 090 |
|
|
|a 631480
|
| 100 |
|
|
|a 20200904d2020 k y0rusy50 ca
|
| 101 |
0 |
|
|a rus
|
| 102 |
|
|
|a RU
|
| 135 |
|
|
|a drcn ---uucaa
|
| 181 |
|
0 |
|a i
|
| 182 |
|
0 |
|a b
|
| 200 |
1 |
|
|a Влияние распределенной генерации на параметры режима электроэнергетической системы
|f Я. Ю. Малькова, Р. А. Уфа, А. А. Суворов
|g науч. рук. Р. А. Уфа
|
| 203 |
|
|
|a Текст
|c электронный
|
| 225 |
1 |
|
|a Энергосбережение, автоматизация объектов нефтегазовой промышленности
|
| 300 |
|
|
|a Заглавие с экрана
|
| 320 |
|
|
|a [Библиогр.: с. 188 (11 назв.)]
|
| 338 |
|
|
|b Министерство науки и высшего образования РФ
|d МК2150.2019.9
|
| 461 |
|
1 |
|0 (RuTPU)RU\TPU\conf\32983
|t Проблемы геологии и освоения недр
|l Problems of Geology and Subsurface Development
|o труды XXIV Международного симпозиума имени академика М. А. Усова студентов и молодых учёных, посвященного 75-летию Победы в Великой Отечественной войне, Томск, 6-10 апреля 2020 г.
|o в 2 т.
|f Национальный исследовательский Томский политехнический университет, Инженерная школа природных ресурсов ; гл. ред. А. С. Боев ; под ред. Е. Ю. Пасечник
|d 2020
|
| 463 |
|
1 |
|0 (RuTPU)RU\TPU\conf\32985
|t Т. 2
|v [С. 187-188]
|d 2020
|
| 610 |
1 |
|
|a труды учёных ТПУ
|
| 610 |
1 |
|
|a электронный ресурс
|
| 610 |
1 |
|
|a распределенная генерация
|
| 610 |
1 |
|
|a параметры
|
| 610 |
1 |
|
|a электроэнергетические системы
|
| 610 |
1 |
|
|a электрическая энергия
|
| 610 |
1 |
|
|a режимы
|
| 610 |
1 |
|
|a экологическая обстановка
|
| 700 |
|
1 |
|a Малькова
|b Я. Ю.
|c специалист в области электроэнергетики
|c ассистент кафедры Томского политехнического университета
|f 1996-
|g Яна Юрьевна
|y Томск
|9 22758
|
| 701 |
|
1 |
|a Уфа
|b Р. А.
|c специалист в области электроэнергетики
|c доцент Томского политехнического университета, кандидат технических наук
|f 1988-
|g Руслан Александрович
|3 (RuTPU)RU\TPU\pers\30313
|9 14658
|
| 701 |
|
1 |
|a Суворов
|b А. А.
|c специалист в области электроэнергетики
|c доцент Томского политехнического университета, кандидат технических наук
|f 1990-
|g Алексей Александрович
|3 (RuTPU)RU\TPU\pers\35125
|9 18400
|
| 702 |
|
1 |
|a Уфа
|b Р. А.
|c специалист в области электроэнергетики
|c старший преподаватель Томского политехнического университета
|f 1988-
|g Руслан Александрович
|4 727
|
| 801 |
|
2 |
|a RU
|b 63413507
|c 20200925
|g RCR
|
| 856 |
4 |
|
|u http://earchive.tpu.ru/handle/11683/62959
|z http://earchive.tpu.ru/handle/11683/62959
|
| 942 |
|
|
|c CF
|